=LDR 00000nam 2200000 4500 =001 INLIS000000000021279 =005 20130612120140 =008 ***********************************Ind** =035 ##$$0010-061300000021279 =041 ##$$a Ind =082 ##$$a 371.1 =090 ##$$a 371.1, Dim b =100 ##$$a Dimyati =245 ##$$a Belajar dan pembelajaran, Dr. Dimyati, Drs. Mudjiono =260 ##$$a 2006 $b Jakarta =300 ##$$a ix, 298 hlm., 21 cm =650 ##$$a Pendidikan =850 ##$$a NBPNMAT